Repúblicas de Indias, idolatrías y gobierno en México y Perú antes de la conquista / (Record no. 163897)

MARC details
000 -LEADER
campo de control de longitud fija 01391nam a2200289 i 4500
001 - NÚMERO DE CONTROL
campo de control 163897
003 - IDENTIFICADOR DE NÚMERO DE CONTROL
campo de control ES-MaACL
005 - FECHA Y HORA DE LA ÚLTIMA TRANSACCIÓN
campo de control 20250930063144.0
008 - DATOS DE LONGITUD FIJA--INFORMACIÓN GENERAL
campo de control de longitud fija 990924s1897 sp |||| | spa d
040 ## - FUENTE DE CATALOGACIÓN
Centro catalogador/agencia de origen CCPB | B
Lengua de catalogación spa
Centro/agencia transcriptor CCPB | B
080 ## - NÚMERO DE LA CLASIFICACIÓN DECIMAL UNIVERSAL
Número de la Clasificación Decimal Universal 930.85(=82:72)
080 ## - NÚMERO DE LA CLASIFICACIÓN DECIMAL UNIVERSAL
Número de la Clasificación Decimal Universal 930.85(=87:85)
100 1# - ENTRADA PRINCIPAL--NOMBRE DE PERSONA
Nombre de persona Román, Jerónimo,
Fechas asociadas al nombre 1535-1597
9 (RLIN) 132044
245 10 - MENCIÓN DEL TÍTULO
Título Repúblicas de Indias, idolatrías y gobierno en México y Perú antes de la conquista /
Mención de responsabilidad, etc. ordenadas por Fr. Jerónimo Román y Zamora.
250 ## - MENCION DE EDICION
Mención de edición Reimp. según la ed. de 1575 con una addenda de las noticias que hay en la Cronica, del mismo autor imp. en 1569.
260 ## - PUBLICACIÓN, DISTRIBUCIÓN, ETC.
Lugar de publicación, distribución, etc. Madrid :
Nombre del editor, distribuidor, etc. Victoriano Suárez,
Fecha de publicación, distribución, etc. 1897 (
Fabricante Imp. de Gómez)
300 ## - DESCRIPCIÓN FÍSICA
Extensión 2 v. (332, [3] p. ; 328 p.) ;
Dimensiones 18 cm.
490 1# - MENCIÓN DE SERIE
Mención de serie Colección de libros raros o curiosos que tratan de América ;
Designación de volumen o secuencia 14 -15
510 4# - NOTA DE CITAS O REFERENCIAS BIBLIOGRÁFICAS
Nombre de la fuente Palau,
Localización dentro de la fuente 276583
530 ## - NOTA DISPONIBLE DE FORMULARIO FÍSICO ADICIONAL
Nota de formato físico adicional disponible Disponible en formato digital.
650 04 - PUNTO DE ACCESO ADICIONAL DE MATERIA--TÉRMINO DE MATERIA
Término de materia o nombre geográfico como elemento de entrada Indios de México.
9 (RLIN) 157375
650 #4 - PUNTO DE ACCESO ADICIONAL DE MATERIA--TÉRMINO DE MATERIA
Término de materia o nombre geográfico como elemento de entrada Indios de Perú.
9 (RLIN) 153637
830 00 - PUNTO DE ACCESO ADICIONAL DE SERIE-TÍTULO UNIFORME
Título uniforme Colección de libros raros o curiosos que tratan de América
Designación de volumen o secuencia 14 -15
9 (RLIN) 188448
852 ## - LOCALIZACIÓN
Ubicación ES-MaACL
Número de control de estantería R-2960-79
Nota libre -- Enc. hol., conservando la cub. original
Encuadernación .- Olim: D-3069-88
856 ## - LOCALIZACIÓN Y ACCESO ELECTRÓNICOS
Identificador Uniforme de Recursos <a href="http://bibliotecadigitalhispanica.bne.es:80/webclient/DeliveryManager?pid=2680230&custom_att_2=simple_viewer">http://bibliotecadigitalhispanica.bne.es:80/webclient/DeliveryManager?pid=2680230&custom_att_2=simple_viewer</a>
Nota pública Biblioteca Digital Hispánica
Holdings
Estatus retirado Estado de pérdida Estado de daño No para préstamo Colección Biblioteca de origen Biblioteca actual Ubicación en estantería Fecha de adquisición Total de préstamos Signatura topográfica completa Código de barras Visto por última vez Precio de reemplazo Tipo de ítem Koha
        Colección digital Biblioteca del Ateneo de Madrid Biblioteca del Ateneo de Madrid Depósito 17/01/2008   R-2960-79 1171768 23/02/2023 23/02/2023 Libro impreso antiguo